000 01018cam a2200241u 4500
001 22823
003 BD-RjUL
005 20211209000846.0
008 140309r19541917enk 000 0 eng d
035 _a(BD-RjUL)22888
040 _aDLC
_cCarP
_dDLC
_dBD-RjUL
_beng
041 _aeng
082 0 4 _a913
_bSTG 1949-1954
100 0 _aStrabo.
_970378
245 1 4 _aThe geography of Strabo /
_cStrabo ; With an English translation by Horace Leonard Jones ; Based in part upon the unfinished version of John Robert Sitlington Sterrett
260 _aLondon :
_bWilliam Heinemann,
_c1917-1932 [Reprinted 1949-1954]
300 _a8 v. ;
_c18 cm.
505 0 _aVol. 1, Books I-II -- v. 2, Books III-V -- v. 3, Books VI-VII -- v. 4, Books VIII-IX -- v. 5, Books X-XII -- v. 6, Books XII-XIV -- v. 7, Books XV--XVI -- v. 8, Books XVI
650 0 _aGeography
_vEarly works to 1800.
_970379
700 1 _aJones, Horace Leonard, tr.
_970380
700 1 _aSterrett, John Robert Sitlington,1851-1914.
_9134354
942 _2ddc
_cBK
999 _c22823
_d22823